Hollow city / by Ransom Riggs.
Available copies
- 4 of 4 copies available at LARL/NWRL Consortium. (Show)
- 1 of 1 copy available at Lake Agassiz Regional Library.
Current holds
0 current holds with 4 total copies.
Show Only Available Copies
| Location | Call Number / Copy Notes | Barcode | Shelving Location | Status | Due Date |
|---|---|---|---|---|---|
| Crookston Public Library | Y RIG (Text) | 33500014273478 | Main | Available | - |
Record details
- ISBN: 9781594746123
- ISBN: 1594746125
- ISBN: 9781594747359 (pbk)
- Physical Description: 399 pages : illustrations ; 22 cm.
- Publisher: Philadelphia : Quirk Books, 2014
Content descriptions
| Summary, etc.: | Having escaped Miss Peregrine's island by the skin ... Read More |
Search for related items by subject
| Subject: | Orphanages > Fiction. Escapes > Fiction. Supernatural > Fiction. London (England) > Fiction. |
Search for related items by series
| LDR | 01897cam a2200433Ii 4500 | ||
|---|---|---|---|
| 001 | 160303 | ||
| 003 | LARL_NWRL_CONSORTIUM | ||
| 005 | 20250812202434.0 | ||
| 008 | 131108s2014 paua d 000 f eng d | ||
| 020 | . | ‡a9781594746123 | |
| 020 | . | ‡a1594746125 | |
| 020 | . | ‡a9781594747359 (pbk) | |
| 035 | . | ‡a(OCoLC)862465312 | |
| 043 | . | ‡ae-uk-en | |
| 082 | 0 | 4. | ‡a[Fic] ‡223 |
| 100 | 1 | . | ‡aRiggs, Ransom, ‡eauthor. ‡0(LARL_NWRL_CONSORTIUM)220988 |
| 245 | 1 | 0. | ‡aHollow city / ‡cby Ransom Riggs. |
| 260 | . | ‡aPhiladelphia : ‡bQuirk Books, ‡c2014 | |
| 300 | . | ‡a399 pages : ‡billustrations ; ‡c22 cm. | |
| 336 | . | ‡atext ‡btxt ‡2rdacontent | |
| 337 | . | ‡aunmediated ‡bn ‡2rdamedia | |
| 338 | . | ‡avolume ‡bnc ‡2rdacarrier | |
| 490 | 0 | . | ‡aMiss Peregrine's peculiar children ; ‡v2 |
| 520 | . | ‡aHaving escaped Miss Peregrine's island by the skin of their teeth, Jacob and his new friends must journey to London (circa 1940), the "peculiar" capital of the world. | |
| 650 | 0. | ‡aOrphanages ‡vFiction. | |
| 650 | 0. | ‡aEscapes ‡vFiction. ‡0(LARL_NWRL_CONSORTIUM)168412 | |
| 650 | 0. | ‡aSupernatural ‡vFiction. ‡0(LARL_NWRL_CONSORTIUM)167353 | |
| 651 | 0. | ‡aLondon (England) ‡vFiction. ‡0(LARL_NWRL_CONSORTIUM)165879 | |
| 901 | . | ‡a160303 ‡bOCLC ‡c160303 ‡tbiblio | |

Add to basket
Permalink
Disable Highlighting